00861nam a2200241 a 450000100060000000300080000600500170001400800410003103500130007203500350008504000320012004100080015208200200016010000330018024500520021326000390026530000500030449000520035450001250040650400300053165000330056170000250059419878BD-RjUL20211209000505.0140226s1967 enkah b 000 1 eng  a67-78009 a(OCoLC)1909133a(BD-RjUL)19939 aDLCcAMHdm.cdBD-RjULbeng aeng04a823.5bFIJ 19671 aFielding, Henry,d1707-1754.10aJoseph Andrews /cedited by Martin C. Battestin aOxford :bClarendon Press,cc1967. aii-xlvii, 389 p. :bfacsim., tables ;c24 cm.1 aWesleyan edition of the works of Henry Fielding aFirst published in 1742 under title: The history of the adventures of Joseph Andrews and of his friend Mr. Abraham Adams aBibliographical footnotes072SLSHaYoung men -- Fiction. 1 aBattestin, Martin C.